Ingredient interactions: effects on food quality

Gespeichert in:
Bibliographische Detailangaben
1. Verfasser: Gaonkar, Anilkumar G (VerfasserIn)
Format: Buch
Sprache:Englisch
Veröffentlicht: Nueva York Marcel Dekker 1995
Schlagworte:
Tags: Tag hinzufügen
Keine Tags, Fügen Sie den ersten Tag hinzu!

MARC

LEADER 00000nam a2200000 a 4500
001 UCP0998
003 CL-VaPUC
005 20230816111615.0
008 990326e19950000US |||||||||||||||||eng|d
999 |c 279721  |d 279719 
040 |c Pontificia Universidad Católica de Valparaíso 
082 0 4 |a 664.07  |b GAO  |2 21 
100 0 |a Gaonkar, Anilkumar G  |e author  |9 426714 
245 1 0 |a Ingredient interactions: effects on food quality 
260 |a Nueva York  |b Marcel Dekker  |c 1995 
300 |a 585 p 
583 |a last modification  |c 19990326 00:00:00  |k Rodrigo Vera 
650 0 |a Industria alimentaria  |x Control de calidad  |9 331702 
650 0 |a Tecnología de alimentos  |2 CL-VaPUC  |9 259595 
650 0 |a Alimentos  |x Calidad  |x Conservación  |9 256203 
942 |c BK  |2 ddc 
945 |d 19990326 00:00:00  |a aarredon 
952 |0 0  |1 0  |4 0  |6 664_070000000000000_GAO_1995  |7 0  |8 A  |9 319451  |a BIBALI  |b BIBALI  |c GEN  |d 2019-11-20  |i 3506339  |o 664.07 GAO 1995  |p 3506339  |r 2025-01-20  |w 2019-11-20  |y BK  |k ALI 
952 |0 0  |1 0  |4 0  |6 664_070000000000000_GAO_1995  |7 0  |8 A  |9 319452  |a BIBALI  |b BIBALI  |c GEN  |d 2019-11-20  |i 3585697  |o 664.07 GAO 1995  |p 3585697  |r 2025-01-20  |w 2019-11-20  |y BK  |k ALI